Générique Monster Buster Club - Paroles - Statistiques

Statistiques générales
  • Ce quiz a été pris 54 fois
  • Le résultat moyen est 7 sur 9
Statistiques - réponses
Paroles % Correct
Avec mes nouveaux {amis}
96%
Je suis venue avec mon {grand}-{père}
88%
Nous sommes le Monster Buster {Club}
88%
Et je suis une {extra}-{terrestre}
78%
Notre mission est de {protéger}
76%
La ville contre les {aliens}
75%
Pour réactiver un club {secret} très ancien
71%
Salut, je m'appelle {Cathy}
61%
De la planète {Rhapsodia}
35%
Aucun quiz correspondant
Distribution des résultats
% des personnes avec chaque résultat
Percentile par nombre de réponses
Votre historique - résultats
Vous n’avez pas pris ce quiz